| 000 | 00510nam a2200193 a 4500 | ||
|---|---|---|---|
| 001 | 1766046743848 | ||
| 003 | YourLibrary | ||
| 005 | 20251222113204.0 | ||
| 008 | 251218s2009##################000#0#eng## | ||
| 020 | _a9781405180894 | ||
| 082 | 0 | 4 |
_a230.14092 _bCOA |
| 100 | 1 |
_aCoakley, Sarah, _eauthor. |
|
| 245 | 1 | 0 | _aRe-thinking Dionysius the Areopagite : |
| 260 |
_bJohn Wiley & Sons, _c2009. |
||
| 300 | _a241 pages | ||
| 650 | 0 | _aReligion. | |
| 942 | _cENGLISH | ||
| 040 |
_aYourLibrary _beng _cYourLibrary |
||
| 999 |
_c603926 _d603926 |
||